000 00767nam a2200253Ia 4500
003 OSt
005 20221002045433.0
006 a|||||r|||| 00| 0
007 ta
008 220930b |||||||| |||| 00| 0 eng d
020 _a9781844656394 (hbk)
_c8744.79
024 _a11194
037 _b852, 14/03/2014, Bright Book Service
_cReference Collections
040 _aCRL
_cCRL
_beng
041 _2eng
_aeng
082 _aR4g, Q4(RR)
100 _aHooft Stan Van Ed.
_9438832
245 0 _aHandbook of virtue ethics
260 _aDurham
_bAcumen
_c2014
300 _aviii,520p.
_ccm.
650 _aPHILOSOPHY
942 _hR4g, Q4(RR)
_cref
_2CC
999 _c912378
_d912378